|
|
|
|
| LEADER |
00000nam a2200000 a 4500 |
| 001 |
vtls001360453 |
| 003 |
SK-MaSNL |
| 005 |
20260302071100.0 |
| 008 |
240314s1961 xx 0 und |
| 035 |
|
|
|a SNK000314008
|
| 040 |
|
|
|a SNK
|b slo
|c SNK
|e AACR2
|
| 100 |
1 |
|
|a Hrubý, Karel,
|d 1910-1962
|4 aut
|9 37787
|
| 245 |
1 |
0 |
|a Genetika
|
| 260 |
|
|
|a Praha
|b ČAV
|c 1961
|
| 300 |
|
|
|a 649 s.
|
| 999 |
|
|
|c 1150436
|d 1152366
|
| 952 |
|
|
|a SNK
|b SNK
|y NEVYP
|7 0
|p 17A0519606
|o snkIC 29605 D1
|i snkKIP 11246/61
|3 rekatalogizácia
|0 0
|1 1
|4 0
|d 2006-09-05
|l 0
|r 2026-02-24 20:01:15
|w 2026-02-24
|
| 952 |
|
|
|t P60, <04>, [BOOK], {604}
|a SNK
|b SNK
|y VYP
|7 0
|p 17A0190909
|o snkIC 29605
|0 0
|1 0
|4 0
|d 1999-04-15
|l 0
|r 2005-01-02 00:00:00
|w 2026-02-24
|